000
00302nam a2200133Ia 4500
008
150201s2008 xx 000 0 und d
082
_a
610
_b
B08K
100
_a
KUMAR,JYOTI
245
_a
BIOSTATISTICS
250
_a
1ST
260
_b
AITBS
_a
DELHI
_c
2008
650
_a
COMMUNITY MEDICINE
942
_2
ddc
_c
BK
999
_c
959
_d
959